00375nam a22001337a 450000500170000000800410001708200130005810000130007124500310008425000190011526000570013430000240019165000260021520240621102232.0240621b |||||||| |||| 00| 0 eng d a349 HAL  lEnglish  aHalsbury's Laws of England aThird Edition  aLondon: bButterworth and Co. Publishers Ltd, c1963 b58 pages; c25 cm.  aLegal practice bLaw